00420 2200157 4500001002100000005001500021008004100036020001800077035001900095082000800114090001400122100002300136245004800159260003100207300002400238INLIS00000000000668820241224113331241224||||||||| | ||| |||| ||  a979-3762-88-8 0010-12240066880 a201 a201 KAR k0 amuslih abdul karim00akeistimewaan nafkah suami & kewajiban istri aJakartabQultumMediac2007 ax + 142 hlm.; 19 cm